The networked nonprofit : (Record no. 41269)

MARC details
000 -LEADER
campo de control de longitud fija 02381cam a22004334a 4500
001 - NÚMERO DE CONTROL
campo de control 120831
005 - FECHA Y HORA DE LA ÚLTIMA TRANSACCIÓN
campo de control 20230410115436.0
008 - DATOS DE LONGITUD FIJA--INFORMACIÓN GENERAL
campo de control de longitud fija 100324s2010 caua b 001 0 eng
035 ## - NÚMERO DE CONTROL DEL SISTEMA
Número de control de sistema 16151692
010 ## - NÚMERO DE CONTROL DE LA BIBLIOTECA DEL CONGRESO
Número de control de LC 2010012745
015 ## - NÚMERO DE BIBLIOGRAFÍA NACIONAL
Número de bibliografía nacional GBB045900
Fuente bnb
016 7# - NÚMERO DE CONTROL DE UNA AGENCIA BIBLIOGRÁFICA NACIONAL
Número de control del registro 015522073
Fuente Uk
020 ## - NÚMERO INTERNACIONAL ESTÁNDAR DEL LIBRO
Número Internacional Estándar del Libro 9780470547977 (pbk.)
020 ## - NÚMERO INTERNACIONAL ESTÁNDAR DEL LIBRO
Número Internacional Estándar del Libro 0470547979 (pbk.)
035 ## - NÚMERO DE CONTROL DEL SISTEMA
Número de control de sistema (OCoLC)ocn500823699
040 ## - FUENTE DE CATALOGACIÓN
Centro catalogador/agencia de origen DLC
Centro/agencia transcriptor DLC
Centro/agencia modificador BTCTA
-- UKM
-- C#P
-- YDXCP
-- CLE
-- CDX
-- STF
-- DLC
042 ## - CÓDIGO DE AUTENTICACIÓN
Código de autenticación pcc
050 14 - SIGNATURA TOPOGRÁFICA DE LA BIBLIOTECA DEL CONGRESO
Número de clasificación HD 62.6
Número de ítem K16n 2010
082 00 - NÚMERO DE LA CLASIFICACIÓN DECIMAL DEWEY
Número de clasificación 658/.044
100 1# - ENTRADA PRINCIPAL--NOMBRE DE PERSONA
Nombre de persona Kanter, Beth,
Fechas asociadas al nombre 1957-
245 14 - MENCIÓN DEL TÍTULO
Título The networked nonprofit :
Resto del título connecting with social media to drive change /
Mención de responsabilidad, etc. Beth Kanter, Allison H. Fine ; foreword by Randi Zuckerberg.
250 ## - MENCION DE EDICION
Mención de edición 1st ed.
260 ## - PUBLICACIÓN, DISTRIBUCIÓN, ETC.
Lugar de publicación, distribución, etc. San Francisco :
Nombre del editor, distribuidor, etc. Jossey-Bass,
Fecha de publicación, distribución, etc. c2010.
300 ## - DESCRIPCIÓN FÍSICA
Extensión xix, 201 p. :
Otras características físicas ill. ;
Dimensiones 24 cm.
520 ## - RESUMEN, ETC.
Sumario, etc. "This groundbreaking resource offers a set of guiding principles to help nonprofit leaders navigate the transition from top-down organizations to a networked approach enabled by technology. The book contains specific strategies for implementation and secrets to success from nonprofits who have used new social media tools effectively themselves. It also offers effective exercises and how-to's for implementation. A key element of this book is interviews with current nonprofit managers who have learned how to jump into the social media fray without a net and thrived because of it"--
Fuente proveedora Provided by publisher.
504 ## - NOTA DE BIBLIOGRAFÍA, ETC.
Nota de bibliografía, etc. Includes bibliographical references and index.
505 0# - NOTA DE CONTENIDO CON FORMATO
Nota de contenido con formato Introducing networked nonprofits -- Nonprofit challenges and trends -- Understanding social networks -- Creating a social culture -- Listening, engaging, and building relationships -- Building trust through transparency -- Making nonprofit organizations simpler -- Working with crowds -- Learning loops -- From friending to funding -- Governing through networks.
650 #0 - PUNTO DE ACCESO ADICIONAL DE MATERIA--TÉRMINO DE MATERIA
Término de materia o nombre geográfico como elemento de entrada Nonprofit organizations.
650 #0 - PUNTO DE ACCESO ADICIONAL DE MATERIA--TÉRMINO DE MATERIA
Término de materia o nombre geográfico como elemento de entrada Social networks.
650 #4 - PUNTO DE ACCESO ADICIONAL DE MATERIA--TÉRMINO DE MATERIA
Término de materia o nombre geográfico como elemento de entrada Organizaciones sin ánimo de lucro.
650 #4 - PUNTO DE ACCESO ADICIONAL DE MATERIA--TÉRMINO DE MATERIA
Término de materia o nombre geográfico como elemento de entrada Organizaciones no gubernamentales.
650 #4 - PUNTO DE ACCESO ADICIONAL DE MATERIA--TÉRMINO DE MATERIA
Término de materia o nombre geográfico como elemento de entrada Redes sociales.
650 #4 - PUNTO DE ACCESO ADICIONAL DE MATERIA--TÉRMINO DE MATERIA
Término de materia o nombre geográfico como elemento de entrada 20150900
700 1# - ENTRADA AGREGADA--NOMBRE PERSONAL
Nombre de persona Fine, Allison H.,
Fechas asociadas al nombre 1964-
856 42 - LOCALIZACIÓN Y ACCESO ELECTRÓNICOS
Materiales especificados Cover image
Identificador Uniforme de Recursos <a href="http://catalogimages.wiley.com/images/db/jimages/9780470547977.jpg">http://catalogimages.wiley.com/images/db/jimages/9780470547977.jpg</a>
925 0# -
-- acquire
-- 2 shelf copies
-- policy default
942 ## - ELEMENTOS DE ENTRADA SECUNDARIOS (KOHA)
Fuente del sistema de clasificación o colocación Clasificación de Library of Congress
Tipo de ítem Koha
946 ## - PROCESAMIENTO DE INFORMACIÓN LOCAL (OCLC)
a JaaM
Holdings
Estatus retirado Estado de pérdida Fuente del sistema de clasificación o colocación Estado de daño No para préstamo Colección Biblioteca de origen Biblioteca actual Ubicación en estantería Fecha de adquisición Serial enumeration / chronology Signatura topográfica completa Código de barras Visto por última vez Copia número Tipo de ítem Koha
    Clasificación de Library of Congress     Ciencias Sociales Biblioteca Juan Bosch Biblioteca Juan Bosch Ciencias Sociales (3er. Piso) 10/04/2023 1 HD 62.6 K16n 2010 00000113859 24/10/2018 1